00340nam a2200121Ia 4500008004100000020001500041041001200056100001900068245006400087260004400151300000800195650001500203221030s9999 xx 000 0 und d a0195699645 aEnglish aD. Albuquerque 0aBusiness Ethics : Principles & Practicescby D. Albuquerque bOxfor University PressaNew Delhic2013 a597 aManagement